00520nam a2200193 a 4500001001300000003000900013005001700022008004100039020000900080082001300089100001700102245005600119260005000175300000800225500003500233505001700268650002400285700001700309nice12345678IN_TiNIC20260116012551.0050524s1961 alla grp 000 0 eng  ac1000a201bSCO aScovel, Myra aI Must Speakb the Biography of Augustine Ralla Ram aAllahabadbNorth India Christian Tractsc1961 a92p aincludes index and biblioraphy2 aBibliography aAugustine Ralla Ram1 aScovel, Myra